1080 1092 1453 1319 1660 1626 1669 1575 1531 1296 1702 1434 1207 1249 1042 1230 1915 1531 1554 1962 1645 1748 1269 1802 1122 1102 1262 1396 1286 1364 1179 1451 1918 1462 1833 1685 1009 1790 1756 1078 1690 1704 1717 1421 1746 1331 1381 1019 1764 1770 1904 1072 1889 1191 1454 1524 1450 1096 1327 1169 1303 2000 1282 1984 1500 1642 1208 1316 1578 1742 1777 1176 1492 1393 1791 1894 1062 1779 1912 1390 1516 1815 1747 1822 1639 1357 1828 1643 1806 1140 1598 1691 1926 1004 1231 1248 1428 1471 1194 BCNSPRNW ULIB Ver.6.0+V

เปลี่ยนเป็นภาษาไทย

Change to English
 แสดงรายละเอียดบรรณานุกรม
  กลับหน้าหลัก

Brief Record : Get Marc (ISO 2709) : E-mail record : QR code < ปิดหน้าต่าง
LEADER : 00000nam 2200000uu 4500
001    13399127954
003     ULIB
008    211117s2563||||th 000 0 tha d
020 ^- ^a9786160040995
050 ^- ^aนว.^bฌ652ล
100 0^ ^aเฌอนมไข่มุก.
245 10 ^aเล่ห์รักเมฆา /^cเฌอนมไข่มุก.
250 ^- ^aพิมพ์ครั้งแรก.
260 ^- ^aกรุงเทพฯ :^bSugar Beat,^c2563
300 ^- ^a608 หน้า.
945    ^p420^l0^i008543
999    ^aประนอม เกษจรัล
รายการนี้ยังไม่มีแท็ก
คุณยังไม่ได้ล็อกอิน คุณสามารถมีกิจกรรมร่วมกับเว็บไซต์ได้ แต่ต้องล็อกอินก่อน ::
  ล็อกอิน

รายการสื่อสารสนเทศ

ลำดับที่ ประเภท เลขเรียก/บาร์โค้ด สถานที่ สถานะ
1. นวนิยาย
นวนิยาย
นว. ฌ652ล ฉ.1 
  Barcode: 008543
ห้องสมุดวิทยาเขตสวรรค์ประชารักษ์
►นวนิยาย
ถูกยืม กำหนดส่งวันที่ 10 สิงหาคม 2566
  จอง

รายการใกล้เคียง
    ผู้แต่ง [เฌอนมไข่มุก.]

BibComment


ยังไม่เคยถูกคอมเมนท์

คอมเมนท์ทรัพยากรรายการนี้
  คอมเมนท์: เล่ห์รักเมฆา เฌ..


 Copyright 2026. Bcnsprnw @Library